00000000nam 2200000zi 4500
0019.946545
003CaOODSP
00520250122094333
006m     o  d f      
007cr bn|||||||||
008250106t19721970onc     o    f001 0 eng d
040 |aCaOODSP|beng|erda|cCaOODSP
043 |an-cn---
0861 |aNR24-84/1970E-PDF|zNR36-2/1970
0861 |aNR24-84/1970-1E-PDF
24500|aCanadian Code for Residential Construction (residential standards) 1970 / |cissued by the Associate Committee on the National Building Code, National Research Council of Canada.
250 |aSecond printing November 1972.
264 1|aOttawa, Canada : |bNational Research Council of Canada, |c1972.
264 4|c©1970, ©1972
300 |a1 online resource (vi, 214 pages) + |erevisions (10 pages)
336 |atext|btxt|2rdacontent
337 |acomputer|bc|2rdamedia
338 |aonline resource|bcr|2rdacarrier
500 |aIssued also in French under title: Code canadien pour la construction résidentielle (normes résidentielles) 1970.
500 |aDigitized edition from print [produced by National Research Council of Canada].
500 |a"Includes all revisions and errata from Change Series No. 1 and 2 to the National Building Code of Canada 1970."
500 |aRevisions published in November 1973.
500 |aIncludes index.
520 |a"The Canadian Code for Residential Construction, 1970, replaces Residential Standards, Canada, 1965. Unlike the former Residential Standards, this document is not a supplement to the National Building Code and is not intended to be used to regulate construction under a municipal bylaw. The document contains the requirements for buildings of residential occupancy taken from Part 9 of the National Building Code of Canada 1970, and includes all corrections and revisions from Change Series No.1 and No.2 to the National Building Code 1970, combined with additional requirements which are beyond the scope of the National Building Code but which are considered necessary in regulating residential construction under the National Housing Act. For the convenience of the user, the requirements based on Part 9 of the NBC appear in dark-face type, the additional requirements appear in light-face type"--Foreword, page iii.
650 0|aBuilding laws|zCanada.
650 0|aBuilding materials|xStandards|zCanada.
650 0|aHouse construction|xStandards|zCanada.
7102 |aNational Research Council of Canada. |bAssociate Committee on the National Building Code, |eissuing body.
77508|tCode canadien pour la construction résidentielle (normes résidentielles) 1970 / |w(CaOODSP)9.946609
794 |tResidential Standards Canada 1975 / |w(CaOODSP)9.946638
795 |tResidential Standards Canada 1965 : |w(CaOODSP)9.895214
85640|qPDF|s11.6 MB|uhttps://publications.gc.ca/collections/collection_2025/cnrc-nrc/NR24-84-1970-eng.pdf|zCode
85640|qPDF|s483 KB|uhttps://publications.gc.ca/collections/collection_2025/cnrc-nrc/NR24-84-1970-1-eng.pdf|zRevisions
986 |aNRCC No. 11562